| 000 | 00691nam a2200229 a 4500 | ||
|---|---|---|---|
| 001 | BRCA_3628 | ||
| 005 | 20190320204347.0 | ||
| 008 | 250809s1982----sp-a---###---#000-0#spa-# | ||
| 020 | _a8427606168 | ||
| 041 | _aspa | ||
| 044 | _asp | ||
| 050 | 4 |
_aNK4290 _b.M43 1982 |
|
| 100 | 1 |
_aMartínez Caviró, Balbina _91348 |
|
| 245 | 1 | 0 |
_aLa loza dorada _cBalbina Martínez Caviró. |
| 260 |
_aMadrid _bEditora Nacional _c1982 |
||
| 300 |
_a265 p. _bil. (algunas a color) _c21 cm. |
||
| 440 | 0 |
_aArtes del tiempo y del espacio _v7 _99411 |
|
| 504 | _aBibliografía: p. 253-261 | ||
| 650 | 1 | 4 |
_aLoza barnizada _xHistoria _99412 |
| 650 | 1 | 4 |
_aLoza barnizada islámica _xHistoria _91105 |
| 942 |
_2lcc _cB |
||
| 999 |
_c3363 _d3363 |
||